Relatório de resultados 2010 : (Record no. 1594)

MARC details
000 -LÍDER
Campo Fixo de Controle 00931nam a2200241 a 4500
001 - NÚMERO DE CONTROLE
Campo de Controle 1594
003 - IDENTIFICAÇÃO DO NÚMERO DE CONTROLE
Campo de Controle BR-CuiBMT
005 - DATA E HORA DA ÚLTIMA ATUALIZAÇÃO
Campo de Controle 20231216202914.0
008 - DADOS FIXOS
Dados Fixos 231128s2010 mtba s000 0 por d
040 ## - AGÊNCIA CATALOGADORA
Código da Agência Catalogadora BR-CuiBMT
Agência que transcreveu o registro BR-CuiBMT
080 ## - Nº DA CLASSIFICAÇÃO DECIMAL UNIVERSAL
Nº Class. CDU 351.94:336.148
Subd. Auxiliar Comum (817.2)
-- (047)
Nº edição CDU 2007
090 ## - NÚMERO DE CHAMADA
Complemento TCE/MT
Nº classificação 351.94:336.148(817.2)(047)
Cutter M433r
110 1# - ENTRADA PRINCIPAL -- ENTIDADE
Nome da entidade ou lugar Mato Grosso.
Unidade subordinada Tribunal de Contas.
245 10 - TÍTULO PRINCIPAL
Título principal Relatório de resultados 2010 :
Subtítulo gestão 2010/2011 /
Indicação de responsabilidade Tribunal de Contas do Estado de Mato Grosso ; conselheiro Valter Albano, presidente.
260 ## - PUBLICAÇÃO, DISTRIBUIÇÃO, ETC.
Local de publicação Cuiabá :
Editora TCE-MT,
Data [2010].
300 ## - DESCRIÇÃO FÍSICA
N. páginas ou volumes 44 p. ;
Ilustrações il. color. ;
Dimensões 30 cm
610 1# - ASSUNTO -- ENTIDADE
Nome da Entidade ou lugar Mato Grosso.
Unidade subordinada Tribunal de Contas
Subdivisão geral Resultados de gestão
Subdivisão cronológica 2010-2011
650 ## - ASSUNTO TÓPICO
Cabeçalho tópico ou nome geográfico Controle externo
Subdivisão geral Relatórios
Subdivisão geográfica Mato Grosso
650 ## - ASSUNTO TÓPICO
Cabeçalho tópico ou nome geográfico Contas governamentais
Subdivisão geográfica Mato Grosso
650 ## - ASSUNTO TÓPICO
Cabeçalho tópico ou nome geográfico Administração pública
Subdivisão geral Supervisão
Subdivisão geográfica Mato Grosso
700 1# - ENTRADA SECUNDÁRIA -- NOME PESSOAL
Nome pessoal Albano, Valter
942 ## - ELEMENTOS DE ENTRADA ADICIONAIS (KOHA)
Fonte de classificação ou esquema de arquivamento Classificação Decimal Universal
Tipo de item do Koha Livros
Holdings
Estado: removido Estado: perdido Fonte de classificação ou esquema de arquivamento Estado: danificado Indisponível para empréstimo Localização permanente Localização atual Data de aquisição Total Checkouts Número de Chamada completo Código de barras Date last seen Número do exemplar Preço efetivo a partir de Tipo de item (Koha)
    Classificação Decimal Universal     Biblioteca da Escola Superior de Contas do TCE/MT Biblioteca da Escola Superior de Contas do TCE/MT 16/12/2023   TCE/MT 351.94:336.148(817.2)(047) M433r BIBTCEMT23120716 16/12/2023 Ex. 1 16/12/2023 Livros

Powered by Koha